000 00877nam a2200229 4500
005 20240530110933.0
008 220911s2006 ab g 000 0 ara d
017 _bمصر. دار الكتب
_a2005/23970
020 _a9773561895
040 _aEG-CaGPL
_cEG-CaGPL
082 _221
_a915.67\
_bأ أ
100 0 _aاسامة الجوهرى
245 1 2 _aالاثار العراقية : محو ذاكرة امة تاريخيا :
_bاكبر كارثة ثقافية منذ اكثر من خمسة قرون /
_cاسامة الجوهرى
250 _aط.1
260 _aالقاهرة :
_bهلا للنشر والتوزيع،
_c2006
300 _a252 ص. ؛
_c24 سم.
651 0 7 _2qrmak
_aالعراق
_xاثار
651 0 7 _aالعراق
_xتاريخ
651 0 7 _aالعراق
_xمتاحف
_xسرقة
942 _2ddc
_cBK
999 _c66686
_d66686